[Event "EU-ch 12th"]
[Site "Aix les Bains"]
[Date "2011.04.02"]
[Round "11"]
[White "Caruana, Fabiano"]
[Black "Javakhishvili, Lela"]
[Result "1-0"]
[WhiteElo "2716"]
[BlackElo "2437"]
[Annotator "Marchand,A/Primel,D"]
[PlyCount "87"]
[EventDate "2011.03.22"]
[EventType "swiss"]
[EventRounds "11"]
[EventCountry "FRA"]
[SourceTitle "CBM 142 Extra"]
[Source "ChessBase"]
[SourceDate "2011.06.27"]
[SourceVersion "1"]
[SourceVersionDate "2011.06.27"]
[SourceQuality "1"]

1. e4 c5 2. Nf3 e6 3. d4 cxd4 4. Nxd4 Nc6 5. Nc3 Qc7 6. Be3 (6. Ndb5 {Le coup
naturel n'apporte pas grand-chose aux Blancs} Qb8 7. Be3 a6 8. Bb6 axb5 9. Nxb5
Bb4+ 10. c3 Ba5 11. Nc7+ Qxc7 12. Bxc7 Bxc7 13. Qg4 g6 14. Bb5 $13 {Fontaine,R
(2529)-Ilincic,Z (2535) Novi Sad TS01 GM 2003 (5) 0-1}) 6... a6 7. Qd2 {
[%cal Ge1c1] L'attaque anglaise va conduire а des positions tranchées où la
différence de niveau doit prévaloir.} (7. Bd3 {La grande ligne} Nf6 8. O-O Ne5
(8... b5)) 7... Nf6 8. O-O-O Bb4 (8... Be7 {Moins ambitieux} 9. f3 h5 $5 {
[%csl Gg4];Negi,P (2615)-Vachier Lagrave,M (2723) Biel GM 43rd 2010 (9) 1/2} (
9... d6)) 9. f3 Ne5 {[%cal Gb4c3,Ge5c4]} (9... O-O 10. g4 b5 11. g5 $36) (9...
Ne7 {[%cal Gb4c3]} 10. Nde2 $14 {[%cal Ge2c3]} (10. Nb3 d5 (10... O-O) 11. e5
Nd7 12. f4 b6 13. Bd4 (13. Bd3 Bxc3 $11) 13... Nc5 {Carlsen,M (2872)-Ivanchuk,
V (2757) FIDE Candidates 2013 (12) 0-1}) 10... b5 11. Kb1 Ba5 12. Bf4 e5 13.
Bg5 Bb7 $132) 10. Nb3 b5 11. Qe1 (11. Kb1) 11... Be7 {91} 12. f4 Ng6 13. e5 Ng4
14. Ne4 {84} ({RR} 14. Bd2 Bb7 15. Bd3 Rc8 16. Qe2 f5 17. exf6 Nxf6 18. Rhf1
O-O 19. g3 b4 20. Ne4 Nxe4 21. Bxe4 a5 22. Nd4 Bf6 23. Bxb7 Qxb7 24. Be3 Ne7
25. Nb5 Nf5 26. Bf2 Rc6 27. g4 Rfc8 28. Rd2 Rc4 {Svidler,P (2750)-Vitiugov,N 
(2596)/Moscow 2006/CBM 116/1/2-1/2 (36)}) 14... Nxe3 {91} 15. Qxe3 O-O 16. Nd6
$5 $146 {[%csl Rc8,Gd6] 67 La nouveauté a probablement été trouvée devant
l'échiquier car le GMI a réfléchi plus de 20 mns sur cette position.} (16. h4 {
[%csl Rg6][%cal Gh4h5] La partie de référence qui avait été jouée quleques
jours plus tôt par le futur Champion d'Europe} Bb7 17. h5 (17. Nd6 Nxh4 18.
Nxb7 Qxb7 19. Bd3 f5 20. exf6 Bxf6 21. g4 Be7 22. Be4 Qa7 23. Qd3 Rac8 24. Qxd7
Qxd7 25. Rxd7 Bd8 26. Bb7 Rc4 27. Nd4 {1-0 Mamedov,N (2580)-Geller,J (2544)/
Moscow 2011/CBM 141 Extra}) 17... Rac8 18. Bd3 Nxe5 $13 {Ter Sahakyan,S (2575)
-Potkin,V (2653) EU-ch 12th Aix-les-Bains 2011 (4) 0-1}) (16. g3 Bb7 17. h4 (
17. Bd3 $5) (17. Bg2 Rac8 (17... a5 18. h4 {[%cal Gh4h5]} a4 19. Nd4 b4 20. h5
Nxe5 $1 (20... b3 $5 {Le sacrifice est peut-être jouable} 21. hxg6 bxa2 22.
gxh7+ Kh8 23. Kd2 Qb6 24. Ke2 Qxb2 $44) 21. fxe5 Qxe5 22. Qf4 (22. h6 f5) 22...
Qxf4+ 23. gxf4 Bd5 24. h6 $3 f5 25. Nf2 Bxg2 26. Rhg1 Rf6 27. Rxg2 Rxh6 28. Nf3
$14 {[%cal Gf3e5,Gf3g5]})) 17... f5 {Cernousek,L (2439)-Szabo,K (2518) BCF-chT
0809 (4NCL) 2008 (10.4) 1-0}) 16... Bxd6 {81 Les Blancs vont obtenir un bon
contrôle des cases noires après cet échange} (16... f6 $5 17. Bd3 Qa7 $1 {
Comme souvent dans une sicilienne ouverte, l'échange des Q est dans l'intérêt
des Noirs} 18. Qxa7 (18. Nc5 $143 {[%csl Rc5,Re3] Empêche l'échange des Q et
Bb7 mais ce coup ne parait pas trés sain} fxe5 19. fxe5 Bxd6 20. exd6 Bb7 21.
Qg5 (21. h4 Nf4) 21... Bd5 $132 {[%cal Ga8c8]}) 18... Rxa7 19. Bxg6 hxg6 20.
Na5 {[%cal Gc2c4]} (20. Rhf1) 20... g5 21. g3) 17. Rxd6 {[%csl Rd7]} Bb7 {
[%csl Gb7] 71} 18. Bd3 $1 {[%cal Gd3c2]} (18. h4 {[%cal Gh4h5]} Ne7 $1 {
[%cal Ge7d5]}) 18... f5 {65} (18... Bxg2 $6 19. Rg1 $44 {[%csl Rg7][%cal Gh2h4,
Gh4h5,Gf4f5,Ge3g3]}) (18... a5 $5 19. Bxb5 Bxg2 (19... a4 20. Rxd7 Qb8 21. Nd4
Bxg2 {Paradoxalement, c'est maintenant moins risqué de prendre ce P car
l'ouverture de l'aile-dame doit donner des compensations aux Noirs} (21... a3
22. b3)) 20. Rg1 (20. Rxd7 Qb8) 20... Bc6 {[%cal Ga5a4]} 21. Bxc6 dxc6 22. Nc5
Rfb8 $132 {[%csl Rb2]}) (18... f6 19. Nc5 Rac8 20. Nxb7 Qxb7 21. Be4 $14) (
18... Rac8 19. Kb1 f6) 19. Nc5 $1 Nxf4 {41} (19... Rac8 $5 20. b4 (20. Rxd7
Qxc5 21. Qxc5 Rxc5 22. Rxb7 Nxf4) 20... Rfd8 {[%cal Ga6a5]} 21. h4 a5 $1 22.
Nxb7 Qxb7 23. h5 Ne7 (23... Qxg2 24. Rg1)) 20. Rxd7 Nxd3+ 21. cxd3 Qc6 22. Kb1
(22. Rxb7 Rac8 23. Kb1 (23. d4 Qxb7) 23... Qxc5 24. Qxc5 Rxc5 25. d4 Rc6) 22...
Bc8 {18} (22... Rf7 $5 {Conduit а des échanges qui doivent soulager la défense
des Noirs} 23. Rxf7 Kxf7 24. Nxb7 Qxb7 25. Rg1 Rc8 26. g4) 23. Re7 Rf7 24. Rxf7
Kxf7 25. Rg1 {[%csl Rf7] On est déjà au 25ème coup mais les Blancs sont
toujours mieux développés!} Kg8 {11} 26. b4 $1 {[%csl Gc5,Rc8,Re6] Le N domine
le B} (26. g4 f4 $1) 26... a5 27. bxa5 Rxa5 28. Qd4 {[%csl Rc8,Rg8]} Qb6 $6 (
28... Kf7 {[%cal Gf7e6,Gc6d5]}) 29. Nxe6 $1 {Une petite combinaison profitant
de la failbesse de la 08ème rangée} Qxd4 30. Nxd4 {[%csl Ge5]} Ra4 {06} 31. Nb3
Be6 32. g3 (32. Kb2) 32... Kf7 33. Rc1 $1 {[%csl Ge5][%cal Gc1c7]} Bxb3 $1 {
Une bonne décision car le B était dominé malgré le jeu ouvert} 34. axb3 Rd4 35.
Rc7+ Ke6 36. Kc2 g5 $2 (36... Rg4 37. d4 Rxd4 38. Rxg7 Kxe5 39. Rxh7) 37. Kc3
$36 Rd8 38. d4 f4 39. gxf4 gxf4 40. Kd3 f3 41. Rxh7 Kd5 (41... f2 42. Rh6+ Kd5
43. Rf6) 42. Rf7 b4 43. Rxf3 Rh8 44. Ke3 1-0

[Event "RUS-chT 18th"]
[Site "Olginka"]
[Date "2011.04.22"]
[Round "10"]
[White "Caruana, Fabiano"]
[Black "Areshchenko, Alexander"]
[Result "1-0"]
[WhiteElo "2716"]
[BlackElo "2687"]
[Annotator "Caruana,F"]
[PlyCount "71"]
[EventDate "2011.04.12"]
[EventType "team-tourn"]
[EventRounds "11"]
[EventCountry "RUS"]
[SourceTitle "EXT 2020"]
[Source "ChessBase"]
[SourceDate "2019.10.17"]
[SourceVersion "1"]
[SourceVersionDate "2019.10.17"]
[SourceQuality "1"]
[WhiteTeam "Moscow ShSM-64"]
[BlackTeam "Tomsk 400"]
[WhiteTeamCountry "RUS"]
[BlackTeamCountry "RUS"]

1. d4 Nf6 2. c4 g6 3. Nc3 d5 4. cxd5 Nxd5 5. e4 Nxc3 6. bxc3 Bg7 7. Nf3 {
I have played many games with 7.Bc4, but I decided to try a different
variation for this game.} c5 8. Be3 Bg4 {A somewhat rare move, although it's
not clear exactly why, because the move looks very natural.} 9. Rc1 Bxf3 {
My opponent decided to deviate from a game of mine against Rodshtein, in
favour of a move recently endorsed by Ian Nepomniachtchi.} ({After} 9... O-O
10. d5 Qa5 11. Qd2 Bxf3 12. gxf3 c4 13. Bd4 Nd7 14. Bxg7 Kxg7 15. Bxc4 Rac8 16.
Bb3 Rc5 {Black obtained good compensation and made a comfortable draw in
Caruana-Rodshtein, Biel 2010. Perhaps this is why White should consider 10.Be2,
as recently played by Kramnik against Vachier Lagrave.}) 10. gxf3 cxd4 11. cxd4
O-O {I didn't clearly remember the details of the game Giri-Nepomniachtchi
from Wijk aan Zee, but I remembered that Black got a solid position after
playing ...e6. And indeed, after calculating some variations, it seemed like
my centre would become immbolised after that. So I played a logical move:} 12.
d5 $1 $146 {In fact, Anish told me after the game that he had considered this
move to be most promising for White.} (12. f4 {seems to give Black a
reasonable position:} e6 13. Bg2 Nc6 14. e5 Qa5+ 15. Qd2 Qa6 16. Qe2 Qa5+ 17.
Qd2 Qa6 {, and most likely White should have acquiesed in the repetition now,
as Black has fully equalised.} 18. Bf1 Qa4 19. Rc4 Qb5 20. Rc5 Qb1+ 21. Ke2 Qe4
22. f3 Qf5 23. h4 Qh5 24. Bf2 Rfd8 25. Bh3 Bf8 26. Bg4 Qh6 27. Rc4 Rd5 28. h5
Rad8 29. Rh3 Bc5 30. hxg6 Qxg6 31. f5 exf5 32. Bh5 Nxd4+ 33. Kf1 Nxf3 34. Qxd5
Rxd5 35. Bxf3 Bxf2 36. Bxd5 Qg1+ 37. Ke2 Qe1+ 38. Kf3 Qf1 {0-1 Giri,A (2686)
-Nepomniachtchi,I (2733)/Wijk aan Zee NED 2011/The Week in Chess 846}) 12...
Nd7 13. Bh3 {I was happy with this move during the game, because the pressure
down the long diagonal seemed very annoying, especially as Black will be
unable to play ...Rc8.} ({However, the simple} 13. Be2 {deserves consideration
as well.}) 13... Kh8 {A slow but nevertheless interesting move. Areshchenko is
preparing ...f5, removing his king from g8 in view of the eventual pin after
White plays Rg1.} (13... f5 14. exf5 gxf5 15. Rg1 Kh8 {, and here White has
the very strong} 16. Rg5 $1 {, attacking the f5-pawn for which Black has no
comfortable defence. After} Nb6 17. Bxf5 Nxd5 18. Be4 Nxe3 19. fxe3 {, if
Black opts for the endgame he will be clearly worse due to the dominating
position of the bishop on e4.}) ({Another totally different approach was to
play} 13... b6 $5 14. O-O Nc5 {, and if White takes on c5 then Black gains
total control over the dark squares.}) 14. f4 {I logically continue with my
plan. If Black doesn't come up with something fast he will be run down by my
enormous centre.} f5 $1 {Of course, totally forced.} 15. e5 {A very commital
move, which I spent a great deal of time over. I had to calculate all the
details of the sacarifice with 17.Rxg7. Of course there was no objective
reason to go for this; I understood that it was a risky sacrifice, but I felt
this would be my chance to win the game.} ({White could have continued with a
slight advantage after} 15. exf5 gxf5 16. O-O {, when the bishop pair is quite
strong. However, Black's position is very solid and I wanted more!}) 15... g5 {
This was the clear idea behind Black's last move. White's centre is being
undermined by the base.} 16. Rg1 gxf4 17. Rxg7 {The point of my play. Black is
forced to take the rook, after which he will be up an exchange, but White has
compensation based on his pair of bishops and strong centre, as well as
Black's vulnerable king. A lot of people told me they felt White had great
compensation after this sac (as did I), but in reality White can only be worse.
The reason is that White's king is also very weak, and will come under attack
in the future.} Kxg7 (17... fxe3 $2 {just loses:} 18. Rxh7+ Kxh7 19. Qh5+ Kg8 (
19... Kg7 20. Ke2 exf2 21. Qg5+ Kh8 22. Rc4 $18) 20. Qg6+ Kh8 21. Ke2 ({
but definitely not} 21. Rc4 $4 Qa5+) 21... exf2 22. Qh6+ Kg8 23. Rc3 $18) 18.
Bxf4 Kh8 {It's very hard to develop White's attack. For example, 19.Qd4 is met
by 19...Qb6. I decided to move my king away from the check on a5.} 19. Kf1 $6 {
Although this was far too slow.} (19. Qd3 {would have offered better chances
for equality.}) 19... Rc8 20. Rxc8 ({A variation to demonstrate how vulnerable
White's king is:} 20. Bh6 $2 Rxc1 21. Qxc1 Rg8 22. Bxf5 Qb6 {, threatening ...
Qa6 and winning.}) 20... Qxc8 21. Qd4 b6 $4 {A terrible mistake, which
surprisingly already loses the game!} ({I was expecting} 21... Qc5 22. Qxc5
Nxc5 23. Bg5 {, when White has reasonable compensation in the endgame.} e6 24.
Be7 Rc8 25. dxe6 Nxe6 26. Bxf5 Re8 27. Bf6+ Kg8 28. f3 {, and the bishop pair
is quite strong. White will continue with Kf2-e3, and should have sufficient
play for equality.}) ({However, there was the very strong} 21... Qc2 $1 {
In fact, after this move I can't find a way to save the game.} 22. e6+ Nf6 23.
d6 Qb1+ 24. Kg2 Rg8+ 25. Bg3 Qe4+ 26. Qxe4 Nxe4 27. dxe7 f4 28. e8=Q Rxe8 29.
Bxf4 Nc5 {, winning the e6-pawn and the game.}) 22. e6+ Nf6 23. Bxf5 {Now
White wins. Black is completely tied down and is unable to prevent d6.} Qa6+ (
23... Qc5 {also loses:} 24. Qxc5 bxc5 25. d6 exd6 26. Bxd6 Re8 27. Be5 Kg7 28.
Ke2 {, with a deadly pin Black cannot remove himself from.}) 24. Bd3 Qxa2 25.
Be5 {Simple play. My beautiful bishops are dominating. Black can only try to
stir up a mess with his queen. Although I was very low on time at this point,
I converted the advantage accurately.} Qb3 {Trying to land a check on d1.} (
25... Qd2 26. d6 Qd1+ 27. Kg2 Rg8+ 28. Bg3 Rg4 29. Qc3 $18) 26. Ke2 Qa2+ 27.
Ke1 Kg8 (27... Qa5+ 28. Kd1 {ends all the checks.}) 28. Qh4 Qa5+ 29. Ke2 Qa2+
30. Ke1 Qa5+ 31. Kd1 Qa3 (31... Qxd5 32. Qg5+ Kh8 33. Bxf6+ $18) 32. Qg5+ Kh8
33. Qf5 Qa4+ 34. Ke2 {Finally all the checks are finished.} Qh4 35. d6 exd6 36.
e7 1-0

[Event "ITA-chT 43rd"]
[Site "Spoleto"]
[Date "2011.04.28"]
[Round "1"]
[White "Pavasovic, Dusko"]
[Black "Caruana, Fabiano"]
[Result "1/2-1/2"]
[WhiteElo "2578"]
[BlackElo "2716"]
[PlyCount "78"]
[EventDate "2011.04.28"]
[EventType "team"]
[EventRounds "7"]
[EventCountry "ITA"]
[SourceTitle "EXT 2012"]
[Source "ChessBase"]
[SourceDate "2011.11.24"]
[SourceVersion "1"]
[SourceVersionDate "2011.11.24"]
[SourceQuality "1"]
[WhiteTeam "Ancona"]
[BlackTeam "Oiettivo Risarcimento"]
[WhiteTeamCountry "ITA"]
[BlackTeamCountry "ITA"]

1. e4 e5 2. Nf3 Nc6 3. d4 exd4 4. Nxd4 Bc5 5. Be3 Qf6 6. c3 Nge7 7. Bc4 O-O 8.
O-O b6 9. Re1 Bb7 10. Bf1 Rfe8 11. Nxc6 Bxc6 12. Bxc5 bxc5 13. Nd2 Ng6 14. g3
Rad8 15. Bg2 Ne5 16. Qc2 c4 17. Re2 Qg6 18. f4 Qh5 19. Qd1 Ng4 20. Nf1 d6 21.
Qd2 f5 22. exf5 Bxg2 23. Kxg2 Nxh2 24. Rae1 Rxe2+ 25. Qxe2 Qxe2+ 26. Rxe2 Nxf1
27. Kxf1 Kf7 28. Re4 d5 29. Re5 h5 30. b3 cxb3 31. axb3 Kf6 32. Kf2 c5 33. Re6+
Kxf5 34. Rc6 h4 35. gxh4 Kxf4 36. Rxc5 Rd7 37. h5 Ke4 38. Kg3 Rb7 39. b4 d4
1/2-1/2

[Event "ITA-chT 43rd"]
[Site "Spoleto"]
[Date "2011.04.30"]
[Round "5"]
[White "Macieja, Bartlomiej"]
[Black "Caruana, Fabiano"]
[Result "1/2-1/2"]
[WhiteElo "2619"]
[BlackElo "2716"]
[PlyCount "120"]
[EventDate "2011.04.28"]
[EventType "team"]
[EventRounds "7"]
[EventCountry "ITA"]
[SourceTitle "EXT 2012"]
[Source "ChessBase"]
[SourceDate "2011.11.24"]
[SourceVersion "1"]
[SourceVersionDate "2011.11.24"]
[SourceQuality "1"]
[WhiteTeam "ASD Fischer"]
[BlackTeam "Oiettivo Risarcimento"]
[WhiteTeamCountry "ITA"]
[BlackTeamCountry "ITA"]

1. Nf3 d5 2. d4 Nf6 3. c4 c6 4. cxd5 cxd5 5. Nc3 Nc6 6. Bf4 a6 7. Ne5 Qb6 8.
Nxc6 bxc6 9. Qd2 e6 10. e3 Qb7 11. Rc1 c5 12. Be2 Bd7 13. O-O Bc6 14. Rc2 Be7
15. dxc5 O-O 16. Rfc1 Rfd8 17. Bf3 Nd7 18. b4 Bf6 19. a3 e5 20. Bg3 Nf8 21. Qe1
Ne6 22. e4 d4 23. Nd5 Ng5 24. Nb6 Rab8 25. Nc4 d3 26. Na5 Qa8 27. Nxc6 Qxc6 28.
Rd2 Nxf3+ 29. gxf3 h5 30. h4 a5 31. Qe3 axb4 32. axb4 Qb5 33. c6 Rd4 34. Qxd4
exd4 35. Bxb8 Qxb8 36. c7 Qc8 37. b5 Be5 38. b6 Kh7 39. Kg2 Bf4 40. b7 Qxb7 41.
c8=Q Qxc8 42. Rxc8 Bxd2 43. Rb8 Bf4 44. Rb4 d2 45. Rxd4 f6 46. Rd7 Kh6 47. Kg1
g5 48. Kf1 Kg6 49. Rd8 Kf7 50. Rd7+ Kg6 51. Rd5 Kh6 52. Rd3 Kg6 53. Kg2 Kh6 54.
Kg1 Kg6 55. Kf1 Kh6 56. Rd4 Kg6 57. Kg1 Kh6 58. Kg2 Kg6 59. Rd8 Kf7 60. Kf1 Kg6
1/2-1/2